West of Washoe : a western story / by Tim Champlin.
Record details
- ISBN: 9781594146305 (alk. paper)
- Physical Description: 220 pages ; 22 cm.
- Edition: 1st edition
- Publisher: Waterville : Five Star, 2009.
Content descriptions
| General Note: | "Five Star western." |
Search for related items by subject
| Subject: | Mining engineers > Fiction. Virginia City (Nev.) > History > Fiction. |
Available copies
- 1 of 1 copy available at scottsboropl.
Holds
- 0 current holds with 1 total copy.
Show All Copies
| Location | Call Number / Copy Notes | Barcode | Shelving Location | Status | Due Date |
|---|---|---|---|---|---|
| scottsboropl | F Cha | 32269000825888 | Adult - Fiction | Available | - |
| LDR | 00852cam a22002658a 4500 | ||
|---|---|---|---|
| 001 | 131141 | ||
| 003 | CONS | ||
| 005 | 20140703073306.0 | ||
| 008 | 081212s2009 meu 000 1 eng | ||
| 010 | . | ‡a 2008053578 | |
| 020 | . | ‡a9781594146305 (alk. paper) | |
| 035 | . | ‡a(CPomAG)LMN501772 | |
| 043 | . | ‡an-us-nv | |
| 050 | 0 | 0. | ‡aPS3553.H265 ‡bW45 2009 |
| 082 | 0 | 0. | ‡a813/.54 ‡222 |
| 100 | 1 | . | ‡aChamplin, Tim, ‡d1937- |
| 245 | 1 | 0. | ‡aWest of Washoe : ‡ba western story / ‡cby Tim Champlin. |
| 250 | . | ‡a1st edition | |
| 260 | . | ‡aWaterville : ‡bFive Star, ‡c2009. | |
| 300 | . | ‡a220 pages ; ‡c22 cm. | |
| 500 | . | ‡a"Five Star western." | |
| 650 | 0. | ‡aMining engineers ‡vFiction. | |
| 651 | 0. | ‡aVirginia City (Nev.) ‡xHistory ‡vFiction. | |
| 959 | . | ‡i32269000825888 ‡lF Cha ‡aAdult - Fiction ‡tFiction ‡g26.00 | |
| 852 | . | ‡p32269000825888 ‡jF Cha ‡gAdult - Fiction ‡cFiction ‡y26.00 ‡bSBPL | |
| 901 | . | ‡a131141 ‡bUnknown ‡c131141 ‡tbiblio | |